| 000 | 00714nam a22002537a 4500 | ||
|---|---|---|---|
| 005 | 20170124105927.0 | ||
| 010 | _a970524 | ||
| 020 |
_c00 _a0717505421 |
||
| 035 | h | _a970524 | |
| 037 | _bCen Lib/Ret | ||
| 040 |
_aDPL _bEN |
||
| 082 |
_a330 _bDAV |
||
| 100 |
_aDavies, F. _96929 |
||
| 245 |
_aStarting economics / _cby F. Davies; illustrated by R. Fishw |
||
| 246 | _b | ||
| 260 |
_bHulton Educatonal publications _c1970 _aBucks |
||
| 270 |
_bBucks _araans road |
||
| 300 |
_a144p. ; _c22cm(Hb) _bill. |
||
| 500 | _aIncludes index | ||
| 650 |
_aEconomics -- Secondary school texts _972916 |
||
| 650 |
_aEconomics _972917 |
||
| 700 |
_aFishw, R. _96933 |
||
| 942 |
_2ddc _cEN _h330 _mDAV |
||
| 999 |
_c123570 _d123570 |
||